| 000 | 02302cam a2200301 4500500 | ||
|---|---|---|---|
| 005 | 20260111150242.0 | ||
| 041 | _afre | ||
| 042 | _adc | ||
| 100 | 1 | 0 |
_aMayer, Sibylla _eauthor |
| 245 | 0 | 0 | _aProstitution de rue féminine. Du client d'un soir à l'homme ressource |
| 260 | _c2013. | ||
| 500 | _a41 | ||
| 520 | _aCet article étudie les caractéristiques de la circulation de l’argent dans la prostitution de rue féminine, et notamment la manière dont elles affectent la temporalité des rencontres entre la prostituée et son client. À son tour, la distinction de trois types de relation – avec le « client d’un soir », le « client habitué » et l’« homme ressource » – permet de porter au jour les significations dont l’argent est investi et d’interroger le cadre de la « prostitution ». | ||
| 520 | _aFemale street prostitution. From the evening customer to the man of supportThis article tackles the circulation of money in female street-prostitution, and in particular the way it affects the temporality of the encounters between the prostitute and her client. The distinction between three types of relationship – with the “one-night client”, the “regular client” and the “friend with benefits”– will lead us to analyse the social signification of money and to question the “prostitution” frame. | ||
| 520 | _aDieser Artikel untersucht die Merkmale des Geldflusses in der weiblichen Straßenprostitution und geht dabei besonders auf die Zeitdauer der Treffen zwischen der Prostituierten und ihrem Kunden ein. Die Unterscheidung von drei Beziehungstypen – der „Kunde für einen Abend“, der „Stammkunde“und der „Geldige“– ermöglicht es die soziale Bedeutung des Geldes sowie unterschiedlicher „Prostitutionsarten“herauszuarbeiten. | ||
| 690 | _aargent | ||
| 690 | _aclient | ||
| 690 | _aéconomies relationnelles | ||
| 690 | _aprostitution | ||
| 690 | _atemporalité | ||
| 690 | _aclient | ||
| 690 | _amoney | ||
| 690 | _aprostitution | ||
| 690 | _arelational economies | ||
| 690 | _atemporality | ||
| 786 | 0 | _nEthnologie française | 43 | 3 | 2013-06-19 | p. 451-460 | 0046-2616 | |
| 856 | 4 | 1 | _uhttps://shs.cairn.info/revue-ethnologie-francaise-2013-3-page-451?lang=fr&redirect-ssocas=7080 |
| 999 |
_c1637288 _d1637288 |
||